LEADER 00549nam##22001337##450# 001 9910551738903321 010 $a9788896378991 100 $a########d########u##y0engy50####ba 105 0 $a########00### 200 1 $aO.R.A : Obiettivi Risorse Autoefficacia : modello di intervento per raggiungere obiettivi nella vita e nello sport / Matteo Simone. 700 $aSimone, Matteo.$0537059 912 $a9910551738903321 996 $aO.R.A : Obiettivi Risorse Autoefficacia : modello di intervento per raggiungere obiettivi nella vita e nello sport$92430289 997 $aUNINA LEADER 01640nam 2200397 450 001 9910704899803321 005 20130826153114.0 035 $a(CKB)5470000002444732 035 $a(OCoLC)856918666 035 $a(EXLCZ)995470000002444732 100 $a20130826d2013 ua 0 101 0 $aeng 135 $aur||||||||||| 181 $ctxt$2rdacontent 182 $cc$2rdamedia 183 $acr$2rdacarrier 200 10$aCultural property $eagreement between the United States of America and Italy amending and extending the memorandum of understanding of January 19, 2001, as amended and extended, effected by exchange of notes at Washington, January 11, 2011, with attachment 210 1$a[Washington, D.C.] :$cUnited States Department of State,$d[2013?] 215 $a1 online resource (11 unnumbered pages) 225 1 $aTreaties and other international acts series ;$v11-119 300 $aTitle from title screen (viewed on August 26, 2013). 517 $aCultural property 606 $aCultural property$xProtection$xLaw and legislation$zUnited States 606 $aCultural property$xProtection$xLaw and legislation$zItaly 606 $aHistoric preservation$xInternational cooperation 615 0$aCultural property$xProtection$xLaw and legislation 615 0$aCultural property$xProtection$xLaw and legislation 615 0$aHistoric preservation$xInternational cooperation. 712 02$aUnited States, 712 02$aUnited States.$bDepartment of State, 801 0$bGPO 801 1$bGPO 906 $aBOOK 912 $a9910704899803321 996 $aCultural property$93439492 997 $aUNINA LEADER 01075nam0-22003371i-450 001 990000324300403321 005 20250110145619.0 035 $a000032430 035 $aFED01000032430 035 $a(Aleph)000032430FED01 100 $a20001010d1969----km-y0itay50------ba 101 0 $aita 102 $aIT 105 $aa-------001yy 200 1 $aDiffrazione dei raggi X. Metodi per le sostanze policristalline e amorfe.$fHarold P. Klug, Leroy E. Alexander. A curadi Alfredo Negro del Politecnico di Torino. 210 $aTorino$cAlbra Editrice$d1969 215 $aIX, 700 p.$cill.$d22 cm 610 0 $aRaggi X$aDiffrazione 676 $a540 700 1$aKlug,$bHarold P.$018168 702 1$aAlexander,$bLeroy E. 702 1$aNegro,$bAlfredo 801 0$aIT$bUNINA$gRICA$2UNIMARC 901 $aBK 912 $a990000324300403321 952 $a04 128-9$bCI 5652$fDINCH 952 $aA CHI 850$b03/0102/25$fFAGBC 959 $aDINCH 959 $aFAGBC 996 $aDiffrazione dei raggi x. Metodi per le sostanze policristalline e amorfe$9125109 997 $aUNINA